Normal view
MARC view
Entry Personal Name
001 - CONTROL NUMBER
- control field: 624004
003 - CONTROL NUMBER IDENTIFIER
- control field: OSt
005 - DATE AND TIME OF LATEST TRANSACTION
- control field: 20221005105930.0
008 - FIXED-LENGTH DATA ELEMENTS
- fixed length control field: 221005|| aca||aabn | a|a d
040 ## - CATALOGING SOURCE
- Original cataloging agency: OSt
- Transcribing agency: OSt
100 ## - HEADING--PERSONAL NAME
- Personal name: मोहनन वी. टी. वी., अनु
670 ## - SOURCE DATA FOUND
- Source citation: Work cat.: (OSt)1017313: मुकुंदन, एम., ईश्वर की शरारतें, 2008
